00347nam a2200133Ia 4500003000400000005001700004008004100021040001800062041000800080100003900088110001800127245004800145260002000193OSt20260303102030.0211028s2003 xx 000 0 und d cAIMIT LIBRARY aeng aNair, Bindiya;D Souza, Rio.g92158 aD Souza, Rio. aComputerization of correspondence college / aBangalorec2003